All Miranda Lambert Songs - Statistics

General Stats
  • This quiz has been taken 6 times
    5 since last reset
  • The average score is 73 of 193
Answer Stats
Answer % Correct
Revolution Dead Flowers
100%
Kerosene Kerosene
100%
Platinum Automatic
80%
Wildcard Bluebird
80%
Crazy Ex-Girlfriend Crazy Ex-Girlfriend
80%
Come Get Your Wife Drunk (And I Don't Wanna Go Home) (Elle King ft Miranda Lambert)
80%
Crazy Ex-Girlfriend Gunpowder & Lead
80%
Platinum Little Red Wagon
80%
Postcards From Texas Run
80%
Platinum Somethin' Bad (With Carrie Underwood)
80%
Revolution The House That Built Me
80%
The Marfa Tapes | The Weight Of These Wings Tin Man
80%
The Weight Of These Wings Vice
80%
Revolution White Liar
80%
Twisters: The Album Ain't In Kansas Anymore
60%
Platinum All That's Left (With The Time Jumpers)
60%
Platinum Another Sunday In The South
60%
Palomino Carousel
60%
Postcards From Texas Dammit Randy
60%
Wildcard Dark Bars
60%
Crazy Ex-Girlfriend Dry Town
60%
Crazy Ex-Girlfriend Famous In A Small Town
60%
Wildcard Fire Escape
60%
Platinum Girls
60%
Crazy Ex-Girlfriend Guilty In Here
60%
Revolution Heart Like Mine
60%
The Weight Of These Wings Highway Vagabond
60%
The Marfa Tapes Homegrown Tomatoes
60%
Palomino If I Was A Cowboy
60%
The Weight Of These Wings I've Got Wheels
60%
Kerosene I Wanna Die
60%
The Weight Of These Wings Keeper Of The Flame
60%
Wildcard Locomotive
60%
Kerosene Me And Charlie Talking
60%
Crazy Ex-Girlfriend More Like Her
60%
Kerosene New Strings
60%
Revolution Only Prettier
60%
Platinum Platinum
60%
Wildcard Pretty Bitchin
60%
The Weight Of These Wings Runnin' Just In Case
60%
Postcards From Texas Santa Fe (With Parker McCollum)
60%
Platinum Smokin' And Drinkin' (With Little Big Town)
60%
Kerosene There's A Wall
60%
The Weight Of These Wings Things That Break
60%
Revolution Time To Get A Gun
60%
Hot Pursuit Two Of A Crime
60%
The Weight Of These Wings We Should Be Friends
60%
Palomino Actin' Up
40%
Revolution Airstream Song
40%
Postcards From Texas Alimony
40%
Four The Record All Kinds Of Kinds
40%
The Marfa Tapes Am I Right Or Amarillo
40%
The Marfa Tapes Anchor
40%
Postcards From Texas Armadillo
40%
Platinum Babies Makin' Babies
40%
The Weight Of These Wings Bad Boy
40%
Four The Record Baggage Claim
40%
Postcards From Texas Bitch On The Sauce (Just Drunk)
40%
The Marfa Tapes Breaking A Heart
40%
Coal Miner's Daughter:A Tribute To Loretta Lynn Coal Miner's Daughter (Loretta Lynn ft Sheryl Crow & Miranda Lambert)
40%
The Weight Of These Wings Covered Wagon
40%
The Weight Of These Wings Dear Old Sun
40%
Crazy Ex-Girlfriend Desperation
40%
Crazy Ex-Girlfriend Down
40%
Rearview Town Drowns The Whiskey (Jason Aldean ft Miranda Lambert)
40%
Crazy Ex-Girlfriend Easy From Now On
40%
Four The Record Fine Tune
40%
Palomino | The Marfa Tapes Geraldene
40%
The Weight Of These Wings Getaway Driver
40%
The Marfa Tapes Ghost
40%
Whirlwind Good Horses (Lainey Wilson ft Miranda Lambert)
40%
Platinum Gravity Is A Bitch
40%
Kerosene Greyhound Bound For Nowhere
40%
Single Hello Shitty Day (Jake Worthington & Miranda Lambert)
40%
Platinum Holding On To You
40%
Wildcard Holy Water
40%
Kerosene I Can't Be Bothered
40%
Postcards From Texas I Hate Love Songs
40%
Palomino I'll Be Lovin' You
40%
Palomino | The Marfa Tapes In His Arms
40%
Wildcard It All Comes Out In The Wash
40%
Postcards From Texas January Heart
40%
Postcards From Texas Living On The Run
40%
Four The Record Look At Miss Ohio
40%
Postcards From Texas Looking Back On Luckenbach
40%
Crazy Ex-Girlfriend Love Letters
40%
Revolution Love Song
40%
Kerosene Love Your Memory
40%
Revolution Maintain The Pain
40%
Revolution Makin' Plans
40%
Four The Record Mama's Broken Heart
40%
Revolution Me And Your Cigarettes
40%
Wildcard Mess With My Head
40%
Palomino Music City Queen (With The B52's)
40%
Four The Record Nobody's Fool
40%
Platinum Old Shit
40%
The Weight Of These Wings Pink Sunglasses
40%
Platinum Priscilla
40%
Palomino Pursuit Of Happiness
40%
Single Roots And Wings
40%
Palomino Scenes
40%
The Weight Of These Wings Six Degrees Of Separation
40%
The Weight Of These Wings Smoking Jacket
40%
Palomino Strange
40%
Southern Family Sweet By & By
40%
The Marfa Tapes | Wildcard Tequila Does
40%
Revolution That's The Way That The World Goes 'Round
40%
Palomino That's What Makes The Jukebox Play
40%
The Weight Of These Wings Tomboy
40%
Palomino Tourist
40%
Wildcard Track Record
40%
Platinum Two Rings Shy
40%
The Marfa Tapes Two-Step Down To Texas
40%
The Weight Of These Wings Ugly Lights
40%
The Weight Of These Wings Use My Heart
40%
Revolution Virginia Bluebell
40%
Palomino | The Marfa Tapes Waxahachie
40%
Wildcard Way Too Pretty For Prison (With Maren Morris)
40%
Fuse We Were Us (Keith Urban ft Miranda Lambert)
40%
Kerosene What About Georgia
40%
Wildcard White Trash
40%
Postcards From Texas Wranglers
40%
The Weight Of These Wings You Wouldn't Know Me
40%
The Marfa Tapes Amazing Grace (West Texas)
20%
Gwen Sebastian Annie's New Gun (Gwen Sebastian ft Miranda Lambert)
20%
Startin' Fires Bare Skin Rug (Blake Shelton With Miranda Lambert)
20%
Platinum Bathroom Sink
20%
Four The Record Better In The Long Run (With Blake Shelton)
20%
Kerosene Bring Me Down
20%
Palomino Country Money
20%
Four The Record Dear Diamond (With Patty Lovelace)
20%
All About Tonight EP Draggin' The River (Blake Shelton ft Miranda Lambert)
20%
Four The Record Easy Living
20%
Four The Record Fastest Girl In Town
20%
Single Fooled Around And Fell In Love (With Maren Morris, Ashley McBryde, Tenille Townes, Caylee Hammack & Elle King)
20%
The Weight Of These Wings For The Birds
20%
Crazy Ex-Girlfriend Getting Ready
20%
Crazy Ex-Girlfriend Girl Like Me (iTunes Bonus Track)
20%
The Weight Of These Wings Good Ol' Days
20%
Platinum Hard Staying Sober
20%
Wildcard How Dare You Love
20%
The Marfa Tapes I Don't Like It
20%
Kerosene I Don't Love Here Anymore (20th Anniversary Edition Track)
20%
Crazy Ex-Girlfriend I Just Really Miss You (Target Bonus Track)
20%
The Ice Road I'm Movin' On
20%
Kerosene Love Is Looking For You
20%
Kerosene Mama, I'm Alright
20%
Restoration: Reimagining the Songs of Elton John and Bernie Taupin My Father's Gun
20%
Postcards From Texas No Man's Land
20%
Four The Record Oklahoma Sky
20%
Growin' Up Outrunnin' Your Memory (With Luke Combs)
20%
Four The Record Over You
20%
The Weight Of These Wings Pushin' Time
20%
The Hunger Games: Songs From District 12 & Beyond Run Daddy Run (With Pistol Annies)
20%
Four The Record Safe
20%
Four The Record Same Old You
20%
Wildcard Settling Down
20%
Revolution Sin For A Sin
20%
Revolution Somewhere Trouble Don't Go
20%
Final (Vol 2) Space In My Heart (Enrique Iglesias & Miranda Lambert)
20%
The Marfa Tapes The Wind's Just Gonna Blow
20%
The Weight Of These Wings To Learn Her
20%
Palomino Wandering Spirit
20%
Postcards From Texas Way Too Good At Breaking My Heart
20%
The Marfa Tapes We'll Always Have The Blues
20%
The Weight Of These Wings Well-Rested
20%
Postcards From Texas Wildfire
20%
Up On The Ridge Bad Angel (Dierks Bentley ft Miranda Lambert & Jamey Johnson)
0%
Single Forever Country (Artists Of Then, Now & Forever)
0%
Relentless Grown Woman (Jason Aldean With Miranda Lambert)
0%
Bad Days Better Harder Stuff (Adam Hood ft Miranda Lambert)
0%
Four The Record Hurts To Think (Deluxe Edition Bonus Track)
0%
The Driver I Wish You Were Here (Charles Kelley ft Miranda Lambert)
0%
Cheers, It's Christmas Jingle Bell Rock (With Blake Shelton)
0%
Greatest Hits Little White Church (Little Big Town & Miranda Lambert)
0%
Long Story Short: Willie Nelson 90 (Live At The Hollywood Bowl) Mammas Don't Let Your Babies Grow Up To Be Cowboys
0%
Dead Flowers EP Nobody's Used To Be
0%
Off The Beaten Path Old Habits (Justin Moore ft Miranda Lambert)
0%
Greatest Hits: God's Favorite Band Ordinary World (Billie Joe Armstrong & Miranda Lambert)
0%
Red Dog (Music From The Documentary) Polyester (Luke Dick ft Miranda Lambert)
0%
Red River Blue Red River Blue (Blake Shelton & Miranda Lambert)
0%
To All The Girls... She Was No Good For Me (Willie Nelson & Miranda Lambert)
0%
Note To Self Still That Cowboy (Randy Houser ft Miranda Lambert)
0%
I'm About To Come Alive Strangers On A Train (David Nail & Miranda Lambert)
0%
Crazy Ex-Girlfriend Take It Out On Me (Target Bonus Track)
0%
Buddy Jewell Today I Started Loving You Again (Buddy Jewell with Miranda Lambert)
0%
Wrote A Song For Everyone Wrote A Song For Everyone (John Fogarty ft Miranda Lambert & Tom Morello)
0%
Queer Eye: Soundtrack Y'all Means Y'all
0%
No matching quizzes found
Score Distribution
Percent of People with Each Score
Percentile by Number Answered
Your Score History
You have not taken this quiz since the last reset